| 000 | 00714nam a22002057a 4500 | ||
|---|---|---|---|
| 999 |
_c17441 _d17441 |
||
| 003 | AR-CdUCM | ||
| 008 | 190508b ||||| |||| 00| 0 spa d | ||
| 040 |
_aMUNICIPALIDAD PROVINCIAL DEL CUSCO _cBIBLIOTECA MUNICIPAL DEL CUSCO |
||
| 082 |
_a913 / _bF78 |
||
| 100 |
_aFoucault, Michel _937459 |
||
| 245 | _aLa arqueología del saber / | ||
| 260 |
_aMéxico : _bSiglo veintiuno, _c1970. |
||
| 300 |
_a355 páginas ; _c20 cm. |
||
| 505 | _aContenido : La formación de estrategias -- Los hechos comparativos -- La formación de conceptos. | ||
| 650 |
_aHistoria de la Arqueología _937460 |
||
| 650 |
_aDescripción arqueológica _937461 |
||
| 650 |
_aProblematica _937462 |
||
| 942 |
_2ddc _cLIBROS |
||
| 945 | _arcc | ||